000 00311nam a2200109Ia 4500
008 171211s9999 xx 000 0 und d
245 _aKrav Maga: Abwehr bewaffneter Angriffe
245 _cWinibald Prechtl
260 _c2003
650 _xMartial Arts
856 _uhttp://down.ebook777.com/054/9783878920748.pdf
999 _c348243
_d348243